| 000 | 00684nam a2200229Ia 4500 | ||
|---|---|---|---|
| 999 |
_c65106 _d65106 |
||
| 003 | GCL | ||
| 005 | 20240530110807.0 | ||
| 008 | 140319s9999 xx 000 0 ara d | ||
| 040 |
_aGCL / _cGCL |
||
| 082 | 0 | 4 |
_221 _a640 / _bش د |
| 100 | 0 | _aالشركة الشرقية للمطبوعات | |
| 245 | 1 | 0 |
_aدليلك سيدتى : دليل الطفل / _cالشركة الشرقية للمطبوعات |
| 300 |
_a191 ص. ؛ _c28 سم. |
||
| 490 |
_aدليلك سيدتى _v6 |
||
| 650 | 0 | 4 | _aالاطفال |
| 650 | 0 | 4 | _aرعاية الطفل |
| 650 | 0 | 4 | _aالطفولة |
| 650 | 0 | 4 | _aالطفل |
| 650 | 0 | 4 | _aالبراعم |
| 650 | 0 | 4 | _aغذاء الطفل |
| 942 |
_2ddc _cBK |
||